Can you type "type" 20 times in 20 seconds? - Statistics

General Stats
  • This quiz has been taken 154 times
  • The average score is 16 of 20
Answer Stats
Hint Answer % Correct
1. type
98%
2. type
93%
3. type
93%
4. type
93%
5. type
93%
6. type
91%
7. type
91%
8. type
89%
9. type
89%
10. type
88%
11. type
88%
12. type
82%
13. type
79%
14. type
75%
15. type
70%
16. type
63%
17. type
58%
18. type
56%
19. type
51%
20. type
46%
No matching quizzes found
Score Distribution
Percent of People with Each Score
Percentile by Number Answered
Your Score History
You have not taken this quiz